[Event "VIE-ch U13"]
[Site "Da Lat"]
[Date "2013.07.??"]
[Round "7"]
[White "Ho, Le Minh Duc"]
[Black "Hoang, Trinh Thien Vu"]
[Result "1-0"]
[WhiteElo "1960"]
[BlackElo "1952"]
[PlyCount "89"]
[EventDate "2013.07.13"]
[EventType "swiss"]
[EventRounds "9"]
[EventCountry "VIE"]
[SourceTitle "EXT 2014"]
[Source "ChessBase"]
[SourceDate "2013.11.20"]
[SourceVersion "1"]
[SourceVersionDate "2013.11.20"]
[SourceQuality "1"]

1. e4 e6 2. d4 d5 3. exd5 exd5 4. Bd3 Nc6 5. Nf3 Bg4 6. c3 g6 7. 0-0 Bg7 8. Re1+ Nge7 9. Bg5 0-0 10. Nbd2 Re8 11. Qc2 Qd7 12. Re2 Nc8 13. Rae1 Rxe2 14. Rxe2 Nd6 15. b4 a6 16. a4 f6 17. Bf4 Be6 18. Nb3 b6 19. a5 Bf7 20. axb6 cxb6 21. Re1 Nb7 22. Ra1 b5 23. Bxb5 Nxb4 24. Bxd7 Nxc2 25. Ra2 g5 26. Bxg5 Nxd4 27. Nbxd4 fxg5 28. Nxg5 Nd6 29. g3 Ra7 30. Bc6 Bxd4 31. cxd4 Kg7 32. Nxf7 Kxf7 33. Bxd5+ Kg6 34. Bc6 a5 35. d5 Kf6 36. Re2 Kf7 37. Re6 Nf5 38. Re4 Nd6 39. Rd4 Kf6 40. f4 Nf5 41. Rd3 Nd6 42. g4 a4 43. Ra3 Nc4 44. Rxa4 Rxa4 45. Bxa4 1-0

[Event "VIE-ch U13"]
[Site "Da Lat"]
[Date "2013.07.??"]
[Round "8"]
[White "Nguyen, Hoang Thanh"]
[Black "Ho, Le Minh Duc"]
[Result "1-0"]
[WhiteElo "1966"]
[BlackElo "1960"]
[PlyCount "91"]
[EventDate "2013.07.13"]
[EventType "swiss"]
[EventRounds "9"]
[EventCountry "VIE"]
[SourceTitle "EXT 2014"]
[Source "ChessBase"]
[SourceDate "2013.11.20"]
[SourceVersion "1"]
[SourceVersionDate "2013.11.20"]
[SourceQuality "1"]

1. e4 c5 2. Nf3 Nc6 3. d4 cxd4 4. Nxd4 g6 5. Nc3 Bg7 6. Be3 Nf6 7. Be2 0-0 8. 0-0 d5 9. exd5 Nxd5 10. Nxd5 Qxd5 11. Bf3 Qd7 12. Nxc6 bxc6 13. Qxd7 Bxd7 14. Rad1 Rad8 15. Bxa7 Bxb2 16. Bb6 Rb8 17. Bc7 Rb7 18. Rxd7 Be5 19. Rxe7 Bxc7 20. Rfe1 Rfb8 21. g3 Ba5 22. Bxc6 Rb6 23. Re8+ Rxe8 24. Rxe8+ Kg7 25. Ba4 Rf6 26. Kg2 Bb6 27. Re2 h5 28. c4 g5 29. f3 Rd6 30. Rc2 Bc5 31. Re2 Rb6 32. Bb5 Rd6 33. Ba4 Rb6 34. Bb3 f6 35. Rd2 Re6 36. Rd5 Re2+ 37. Kf1 Rf2+ 38. Ke1 Be3 39. c5 Rxh2 40. c6 Bf2+ 41. Kf1 Bxg3 42. Rd7+ Kg6 43. c7 Bxc7 44. Rxc7 h4 45. Bc2+ Kh5 46. Rh7# 1-0